[Event "Prva liga Centralne Srbije"]
[Site "Golubac"]
[Date "2008.09.21"]
[Round "2.1"]
[White "Vojinovic, Goran"]
[Black "Stojanovic, Dalibor"]
[Result "1/2-1/2"]
[WhiteElo "2468"]
[BlackElo "2450"]
[PlyCount "33"]
[EventDate "2008.09.20"]

1. d4 Nf6 2. c4 e6 3. Nf3 d5 4. g3 Be7 5. Bg2 O-O 6. O-O dxc4 7. Qc2 a6 8. a4
Bd7 9. Ne5 Bc6 10. Nxc6 Nxc6 11. e3 Na5 12. Nd2 c5 13. dxc5 Rc8 14. b4 cxb3 15.
Nxb3 Nxb3 16. Qxb3 Nd7 17. Ba3 1/2-1/2

[Event "Prva liga Centralne Srbije"]
[Site "Golubac"]
[Date "2008.09.21"]
[Round "2.1"]
[White "Milanovic, Danilo"]
[Black "Raicevic, Vladimir"]
[Result "1-0"]
[WhiteElo "2529"]
[BlackElo "2418"]
[PlyCount "120"]
[EventDate "2008.09.20"]

1. d4 d5 2. c4 e6 3. Nc3 Nf6 4. cxd5 exd5 5. Bg5 c6 6. e3 Be7 7. Bd3 Nbd7 8.
Nge2 O-O 9. Qc2 Re8 10. O-O-O Nf8 11. h3 a6 12. g4 Be6 13. Kb1 Ne4 14. Bxe7
Nxc3+ 15. Qxc3 Qxe7 16. Nf4 Qh4 17. Qc2 Ng6 18. Bxg6 hxg6 19. Rdg1 Re7 20. Ka1
Rae8 21. Rg3 g5 22. Ng2 Qh7 23. Qd1 f6 24. h4 Qg6 25. hxg5 fxg5 26. Ne1 Qf6 27.
Nd3 Bf7 28. Rf3 Qd6 29. Rfh3 Bg6 30. Ne5 Rxe5 31. dxe5 Qxe5 32. Qf3 Qf6 33.
Rh8+ Kf7 34. Qxf6+ gxf6 35. Rxe8 Kxe8 36. b4 Bd3 37. Rh8+ Kd7 38. Rf8 Ke6 39.
Rb8 b5 40. Rb6 Kd6 41. Rxa6 Be2 42. Kb2 Bxg4 43. Kc3 Bc8 44. Ra7 Bg4 45. Kd4
Bf5 46. Ra8 Bb1 47. a3 Be4 48. Rf8 Ke7 49. Rh8 Kd6 50. Rh6 Ke6 51. Kc5 Ke5 52.
Rh8 Bd3 53. Re8+ Kf5 54. Rf8 Be4 55. Kd6 Kg6 56. Ke6 f5 57. Rh8 d4 58. exd4
Bd5+ 59. Ke5 f4 60. Rc8 Bg2 1-0

[Event "Prva liga Centralne Srbije"]
[Site "Golubac"]
[Date "2008.09.21"]
[Round "2.1"]
[White "Milosevic, Aleksandar"]
[Black "Pap, Misa"]
[Result "0-1"]
[WhiteElo "2304"]
[BlackElo "2495"]
[PlyCount "64"]
[EventDate "2008.09.20"]

1. Nf3 c5 2. c3 Nf6 3. d4 e6 4. a3 b6 5. b4 Bb7 6. Qb3 Qc7 7. Nbd2 Be7 8. g3 a5
9. bxc5 bxc5 10. Bg2 a4 11. Qd1 Nc6 12. O-O O-O 13. Nc4 Nd5 14. dxc5 Bxc5 15.
e4 Nxc3 16. Qd3 Nxe4 17. Qxe4 d5 18. Qb1 dxc4 19. Ng5 g6 20. Ne4 Be7 21. Bf4 e5
22. Bh6 Rfb8 23. f4 Nd4 24. Kh1 Nf5 25. Bg5 Bxg5 26. fxg5 Ne3 27. Bf3 Bxe4 28.
Qxe4 Nxf1 29. Rxf1 Ra7 30. h4 c3 31. Rc1 Rb5 32. Kh2 Rc5 0-1

[Event "Prva liga Centralne Srbije"]
[Site "Golubac"]
[Date "2008.09.21"]
[Round "2.1"]
[White "Nikolic, Zivoslav"]
[Black "Jevtic, Sasa"]
[Result "1/2-1/2"]
[WhiteElo "2413"]
[BlackElo "2206"]
[PlyCount "47"]
[EventDate "2008.09.20"]

1. d4 Nf6 2. Nf3 e6 3. Bg5 d5 4. Nbd2 Nbd7 5. e4 dxe4 6. Nxe4 Be7 7. Bxf6 Nxf6
8. Nxf6+ Bxf6 9. c3 b6 10. Bb5+ Bd7 11. Qe2 Bxb5 12. Qxb5+ Qd7 13. Qxd7+ Kxd7
14. O-O-O Rad8 15. Kc2 c6 16. Nd2 g6 17. a4 Kc7 18. Rhe1 h6 19. Ne4 Bg7 20. f4
Rd5 21. g3 Rhd8 22. Nd2 c5 23. dxc5 Rxc5 24. Ne4 1/2-1/2

[Event "Prva liga Centralne Srbije"]
[Site "Golubac"]
[Date "2008.09.21"]
[Round "2.1"]
[White "Nesic, Nebojsa"]
[Black "Jovanovic, Bojan V"]
[Result "1-0"]
[WhiteElo "2132"]
[BlackElo "2282"]
[PlyCount "109"]
[EventDate "2008.09.20"]

1. d4 Nf6 2. c4 e6 3. Nc3 Bb4 4. e3 b6 5. Bd3 Bb7 6. Nf3 Ne4 7. O-O Bxc3 8.
bxc3 O-O 9. Ne1 f5 10. f3 Nd6 11. Ba3 Rf6 12. Rb1 Rh6 13. Qe2 Nc6 14. e4 f4 15.
Qf2 e5 16. c5 Nf7 17. Nc2 Ne7 18. Rfd1 Ng6 19. Bf1 Qg5 20. dxe5 Nfxe5 21. Nd4
Nh4 22. Kh1 Qh5 23. h3 Rg6 24. cxb6 axb6 25. Be7 Rg3 26. Ne2 Nhg6 27. Nxf4
Rxh3+ 28. Nxh3 Nxe7 29. Kg1 Qf7 30. Qd4 d6 31. f4 N5c6 32. Qc4 Ba6 33. Qxf7+
Kxf7 34. Ng5+ Ke8 35. Rb2 Bxf1 36. Rxf1 Ra4 37. Re2 Kd7 38. Nxh7 Ng6 39. g3 b5
40. Rd1 Ke7 41. Rd5 Rc4 42. Rxb5 Rxc3 43. Rg5 Nd4 44. Rf2 Kf7 45. Kg2 Ne7 46.
Ra5 c5 47. Ng5+ Ke8 48. Ra8+ Kd7 49. Ra7+ Ke8 50. Rb2 Ndc6 51. Rc7 Nb4 52. Rd2
Nd3 53. a4 d5 54. exd5 Nxd5 55. Re2+ 1-0

[Event "Prva liga Centralne Srbije"]
[Site "Golubac"]
[Date "2008.09.21"]
[Round "2.2"]
[White "Bojkov, Dejan"]
[Black "Petrov, Marijan"]
[Result "1/2-1/2"]
[WhiteElo "2498"]
[BlackElo "2490"]
[PlyCount "21"]
[EventDate "2008.09.20"]

1. c4 c5 2. Nf3 Nf6 3. Nc3 Nc6 4. d4 cxd4 5. Nxd4 d6 6. e4 g6 7. Be2 Bg7 8. Be3
O-O 9. f3 Bd7 10. Qd2 Nxd4 11. Bxd4 1/2-1/2

[Event "Prva liga Centralne Srbije"]
[Site "Golubac"]
[Date "2008.09.21"]
[Round "2.2"]
[White "Trifunovic, Miroljub"]
[Black "Ristic, Nenad"]
[Result "0-1"]
[WhiteElo "2295"]
[BlackElo "2421"]
[PlyCount "113"]
[EventDate "2008.09.20"]

1. e4 c5 2. d3 g6 3. g3 Bg7 4. Bg2 Nc6 5. f4 d6 6. c3 e5 7. Nf3 Nge7 8. O-O O-O
9. Be3 b6 10. d4 exd4 11. cxd4 Bg4 12. dxc5 Bxb2 13. Nbd2 dxc5 14. Rb1 Bg7 15.
Qa4 Qd7 16. Rfd1 Nb4 17. Qb3 Qd3 18. Nc4 Qxe4 19. Nd4 Qxb1 20. Rxb1 Rad8 21.
Nc2 Rd3 22. Qa4 Bd7 23. Qxa7 Nxc2 24. Bf2 Nc8 25. Qc7 Bf5 26. Nxb6 Nxb6 27.
Qxb6 c4 28. Bf1 Rd2 29. Rc1 Rxf2 30. Bxc4 Bd4 31. Qb7 Bh3 32. Kh1 Bg2+ 33. Qxg2
Rxg2 34. Kxg2 Ne3+ 35. Kf3 Nxc4 36. Rxc4 Bb6 37. Rb4 Bg1 38. Kg2 Bc5 39. Rc4
Ba3 40. Ra4 Bb2 41. Rb4 Bf6 42. a4 Rc8 43. Kf3 Rc2 44. h3 Rc3+ 45. Kg2 h5 46.
g4 h4 47. Re4 Kg7 48. Rb4 g5 49. fxg5 Bxg5 50. Rb5 f6 51. Rb4 Kg6 52. Re4 Rc2+
53. Kh1 Ra2 54. Rc4 Be3 55. Re4 Bf2 56. Kg2 Bd4+ 57. Kf1 0-1

[Event "Prva liga Centralne Srbije"]
[Site "Golubac"]
[Date "2008.09.21"]
[Round "2.2"]
[White "Ristic, Nebojsa M"]
[Black "Ljubisavljevic, Zivojin Z"]
[Result "1/2-1/2"]
[WhiteElo "2366"]
[BlackElo "2261"]
[PlyCount "86"]
[EventDate "2008.09.20"]

1. Nf3 d5 2. d4 c6 3. c4 e6 4. Nc3 f5 5. g3 Nf6 6. Bg2 Bd6 7. O-O O-O 8. b3
Nbd7 9. Bb2 Ne4 10. Qc2 Qf6 11. e3 Qh6 12. Rae1 Qh5 13. Ne2 g5 14. Ne5 Qh6 15.
f3 Nef6 16. Bc3 Nh5 17. Nxd7 Bxd7 18. e4 dxe4 19. fxe4 Nf6 20. Bd2 fxe4 21. h4
Qg7 22. hxg5 Nh5 23. g4 Ng3 24. Nxg3 Bxg3 25. Rxe4 Rxf1+ 26. Bxf1 Rf8 27. Be3
c5 28. Qd2 Qf7 29. Bg2 cxd4 30. g6 Qxg6 31. Rxd4 Bc6 32. Bxc6 bxc6 33. Qd3 a5
34. Qxg6+ hxg6 35. Kg2 Bc7 36. c5 Rd8 37. Ra4 Rd3 38. Kf3 Kf7 39. Ke4 Rc3 40.
Rd4 Ke8 41. Rd2 e5 42. Rh2 a4 43. Rb2 axb3 1/2-1/2

[Event "Prva liga Centralne Srbije"]
[Site "Golubac"]
[Date "2008.09.21"]
[Round "2.2"]
[White "Rajkovic, Ljubisa"]
[Black "Djokic, Nenad"]
[Result "0-1"]
[WhiteElo "2194"]
[BlackElo "2336"]
[PlyCount "98"]
[EventDate "2008.09.20"]

1. e4 c5 2. Nf3 Nc6 3. d4 cxd4 4. Nxd4 Nf6 5. Nc3 e5 6. Ndb5 d6 7. Bg5 a6 8.
Na3 b5 9. Nd5 Be7 10. Bxf6 Bxf6 11. c3 Bg5 12. Nc2 Ne7 13. a4 bxa4 14. Rxa4
Nxd5 15. exd5 O-O 16. Be2 a5 17. Bb5 Rb8 18. c4 Bf5 19. O-O Qc7 20. Na1 Bd7 21.
Bxd7 Qxd7 22. b3 Bd8 23. Qd3 f5 24. Nc2 Bb6 25. Na3 e4 26. Qh3 Rbe8 27. Re1 Qd8
28. Nb5 Re5 29. Ra2 f4 30. Nc3 e3 31. f3 Rff5 32. Rae2 Rh5 33. Qg4 Rh4 34. Qe6+
Rxe6 35. dxe6 Rh6 36. Nd5 Rxe6 37. Nxf4 Re8 38. g3 Bc5 39. Rd1 a4 40. bxa4 Qa8
41. Kg2 Qxa4 42. Rc1 Qb3 43. Rcc2 Ra8 44. h4 Ra4 45. Rb2 Qxc4 46. Rec2 Qa6 47.
Rb8+ Kf7 48. Rcb2 Ra2 49. R8b7+ Qxb7 0-1

[Event "Prva liga Centralne Srbije"]
[Site "Golubac"]
[Date "2008.09.21"]
[Round "2.2"]
[White "Stankovic, Dragan P"]
[Black "Jakovljevic, Zivota"]
[Result "1/2-1/2"]
[WhiteElo "2344"]
[BlackElo "2124"]
[PlyCount "97"]
[EventDate "2008.09.20"]

1. g3 d5 2. Bg2 Nf6 3. Nf3 e6 4. O-O Bd6 5. d3 O-O 6. Nbd2 Nbd7 7. e4 c6 8. Qe2
e5 9. Nh4 g6 10. Ndf3 Qc7 11. h3 Re8 12. Nh2 dxe4 13. dxe4 Bf8 14. Ng4 Nxg4 15.
hxg4 Nc5 16. Rd1 b6 17. Bf1 Ba6 18. Qf3 Bxf1 19. Kxf1 Rad8 20. Bg5 Rxd1+ 21.
Rxd1 Ne6 22. Be3 Rd8 23. c3 Rxd1+ 24. Qxd1 Bc5 25. Bc1 Qd6 26. Qxd6 Bxd6 27.
Ke2 b5 28. Ng2 Kf8 29. f4 Ke7 30. b4 Kd7 31. f5 Nd8 32. Be3 a6 33. Ne1 Nb7 34.
Nf3 Ke7 35. Ne1 a5 36. Nd3 axb4 37. cxb4 f6 38. Kd2 g5 39. Kc3 Kd7 40. Kb3 Kc7
41. a4 bxa4+ 42. Kxa4 Nd8 43. Ka5 Nf7 44. Bb6+ Kd7 45. Bc5 Nh6 46. Nf2 Nf7 47.
Kb6 Bc7+ 48. Kb7 Nd6+ 49. Ka6 1/2-1/2

[Event "Prva liga Centralne Srbije"]
[Site "Golubac"]
[Date "2008.09.21"]
[Round "2.2"]
[White "Klcesko, Nebojsa"]
[Black "Djoric, Dusan"]
[Result "0-1"]
[WhiteElo "1949"]
[BlackElo "2305"]
[PlyCount "65"]
[EventDate "2008.09.20"]

1. d4 Nf6 2. c4 c5 3. Nf3 cxd4 4. Nxd4 a6 5. Nc3 d5 6. e3 dxc4 7. Bxc4 e6 8.
O-O Bd7 9. a4 Nc6 10. Nc2 Qc7 11. Qe2 Bd6 12. h3 Rc8 13. Ba2 O-O 14. e4 Bh2+
15. Kh1 Bf4 16. Bxf4 Qxf4 17. Rad1 Rfd8 18. Qe3 Qxe3 19. Nxe3 Be8 20. Rxd8 Rxd8
21. Rd1 Rxd1+ 22. Nexd1 Nd7 23. Ne3 Nc5 24. Nc4 Nb4 25. Bb1 Bxa4 26. f3 Bc2 27.
Bxc2 Nxc2 28. Kg1 Kf8 29. Na5 Nd3 30. Nd1 Ke7 31. g3 g5 32. h4 gxh4 33. gxh4 {
necitko} 0-1

[Event "Prva liga Centralne Srbije"]
[Site "Golubac"]
[Date "2008.09.21"]
[Round "2.3"]
[White "Jesic, Dusan"]
[Black "Pavlovic, Dejan S"]
[Result "1-0"]
[WhiteElo "2378"]
[BlackElo "2385"]
[PlyCount "103"]
[EventDate "2008.09.20"]

1. e4 c5 2. Nf3 Nc6 3. Nc3 e5 4. Bc4 g6 5. d3 h6 6. O-O Bg7 7. Be3 d6 8. a3 Nf6
9. h3 O-O 10. b4 Qe7 11. Re1 Nd4 12. Nd5 Nxd5 13. Bxd5 Be6 14. c3 Nxf3+ 15.
Qxf3 Bxd5 16. exd5 b6 17. Rab1 f5 18. c4 Rae8 19. bxc5 bxc5 20. Bd2 Rf7 21. Rb3
Qh4 22. a4 g5 23. a5 e4 24. dxe4 fxe4 25. Qe2 Ref8 26. Rf1 Bd4 27. Be3 Be5 28.
Qg4 Qxg4 29. hxg4 Kg7 30. a6 Kf6 31. Rfb1 Re7 32. Rb7 Rff7 33. Kf1 Bc3 34. Rxe7
Rxe7 35. Rb8 Ba5 36. Ke2 Rf7 37. Re8 Re7 38. Rxe7 Kxe7 39. Bd2 Bb4 40. Ke3
Bxd2+ 41. Kxd2 Kd7 42. Ke3 Kc7 43. Kxe4 Kb6 44. g3 Kxa6 45. f4 Kb7 46. f5 Kc7
47. Kd3 Kd7 48. Kc3 Ke7 49. Kb3 Kf6 50. Ka4 h5 51. gxh5 g4 52. h6 1-0

[Event "Prva liga Centralne Srbije"]
[Site "Golubac"]
[Date "2008.09.21"]
[Round "2.3"]
[White "Radovanovic, Dusan"]
[Black "Misojcic, Miroslav"]
[Result "1/2-1/2"]
[WhiteElo "2350"]
[BlackElo "2221"]
[PlyCount "102"]
[EventDate "2008.09.20"]

1. e4 c5 2. Nf3 Nc6 3. d4 cxd4 4. Nxd4 Nf6 5. Nc3 e5 6. Ndb5 d6 7. Bg5 a6 8.
Na3 Be6 9. Nc4 Rc8 10. Nd5 Bxd5 11. Bxf6 gxf6 12. Qxd5 Nd4 13. Bd3 Qe7 14. Qa5
Rc5 15. Qd2 Qc7 16. Ne3 Bh6 17. c3 Ne6 18. g3 Bxe3 19. fxe3 h5 20. Rf1 Ke7 21.
O-O-O Ng7 22. Bc2 b5 23. Kb1 a5 24. Qf2 Rh6 25. Rd2 a4 26. a3 Ne8 27. Rfd1 Qc8
28. Qf5 Qe6 29. Rd5 Rxd5 30. exd5 Qxf5 31. Bxf5 Nc7 32. c4 bxc4 33. Bc2 h4 34.
g4 h3 35. e4 Rg6 36. Rg1 Rg8 37. Bxa4 f5 38. exf5 Nxd5 39. Rg3 Nf4 40. Bb5 d5
41. a4 Kd6 42. g5 Kc5 43. Bd7 Kd6 44. Bb5 Kc5 45. Bd7 d4 46. a5 d3 47. Rg4 Rd8
48. Ba4 Kb4 49. Bd1 Kxa5 50. g6 fxg6 51. fxg6 Kb4 {necitko} 1/2-1/2

[Event "Prva liga Centralne Srbije"]
[Site "Golubac"]
[Date "2008.09.21"]
[Round "2.3"]
[White "Pantelic, Sasa"]
[Black "Radivojevic, Ivan"]
[Result "1/2-1/2"]
[WhiteElo "2267"]
[BlackElo "2366"]
[PlyCount "92"]
[EventDate "2008.09.20"]

1. d4 Nf6 2. Nf3 e6 3. c4 b6 4. Nc3 Bb4 5. Qc2 Bb7 6. a3 Bxc3+ 7. Qxc3 d6 8.
Bg5 Nbd7 9. e3 O-O 10. Qc2 c5 11. Rd1 Qe7 12. Be2 Rac8 13. O-O Rfd8 14. b4 cxd4
15. Nxd4 d5 16. Qa4 dxc4 17. Qxa7 Bd5 18. Nf5 exf5 19. Rxd5 Qe6 20. Bxf6 Nxf6
21. Rxd8+ Rxd8 22. Rc1 b5 23. a4 Qd6 24. h3 Qxb4 25. Qb6 Rc8 26. Qxb5 Qd2 27.
Rxc4 Rd8 28. Rd4 Rxd4 29. exd4 h6 30. Qb8+ Kh7 31. Qe5 Kg8 32. Bf3 Qc1+ 33. Kh2
Qc2 34. a5 Qa4 35. Bb7 Ne4 36. a6 Nxf2 37. Qb8+ Kh7 38. a7 Qd1 39. a8=Q Qh1+
40. Kg3 Qe1 41. Qg8+ Kg6 42. Kf3 Nd1 43. Qa6+ f6 44. Qe2 Qc3+ 45. Kf4 Qc7+ 46.
Kf3 Qc3+ 1/2-1/2

[Event "Prva liga Centralne Srbije"]
[Site "Golubac"]
[Date "2008.09.21"]
[Round "2.3"]
[White "Zivkovic, Ivan B"]
[Black "Urosevic, Zoran"]
[Result "1-0"]
[WhiteElo "2308"]
[BlackElo "2294"]
[PlyCount "71"]
[EventDate "2008.09.20"]

1. e4 c5 2. Nf3 d6 3. d4 cxd4 4. Nxd4 Nf6 5. Nc3 a6 6. Bg5 e6 7. f4 Be7 8. Qf3
Qc7 9. O-O-O h6 10. Bh4 Nbd7 11. Bg3 b5 12. e5 Bb7 13. Qe2 dxe5 14. fxe5 Nd5
15. Nxd5 Bxd5 16. Nf5 Bg5+ 17. Kb1 exf5 18. Rxd5 f4 19. Bf2 O-O 20. h4 Be7 21.
Qe4 Rfd8 22. Bd3 Nf8 23. Rxd8 Rxd8 24. Qxf4 Rd5 25. Bg3 Qd8 26. Rf1 Qe8 27. Qf3
Rd4 28. c3 Rxh4 29. Bxh4 Bxh4 30. Bc2 g6 31. Bb3 Ne6 32. Qg4 Bg5 33. Bxe6 fxe6
34. a3 a5 35. Rd1 Kf7 36. Rd6 1-0

[Event "Prva liga Centralne Srbije"]
[Site "Golubac"]
[Date "2008.09.21"]
[Round "2.3"]
[White "Misic, Dragan"]
[Black "Dudukovic, Nikola"]
[Result "1/2-1/2"]
[WhiteElo "2204"]
[BlackElo "2180"]
[PlyCount "49"]
[EventDate "2008.09.20"]

1. d4 Nf6 2. Nf3 e6 3. c4 c5 4. Nc3 cxd4 5. Nxd4 a6 6. g3 Qc7 7. b3 b5 8. Bg2
Bb7 9. Bxb7 Qxb7 10. O-O bxc4 11. bxc4 Be7 12. Bg5 O-O 13. Qd3 h6 14. Rab1 Qc8
15. Bxf6 Bxf6 16. Ne4 Be7 17. Rfd1 Ra7 18. Rb3 Nc6 19. Nxc6 Qxc6 20. Rdb1 Rc7
21. Nd2 Bc5 22. Rb8 Rxb8 23. Rxb8+ Rc8 24. Rxc8+ Qxc8 25. Nb3 1/2-1/2

[Event "Prva liga Centralne Srbije"]
[Site "Golubac"]
[Date "2008.09.21"]
[Round "2.3"]
[White "Kolarevic, Darko"]
[Black "Lazic, Zeljko"]
[Result "0-1"]
[WhiteElo "2171"]
[BlackElo "2207"]
[PlyCount "61"]
[EventDate "2008.09.20"]

1. d4 g6 2. c4 Bg7 3. e4 Nc6 4. Be3 e5 5. Nf3 exd4 6. Nxd4 Qf6 7. Nxc6 bxc6 8.
Nc3 Rb8 9. Rb1 Qe7 10. Qc2 Nf6 11. Be2 O-O 12. Bxa7 Ra8 13. Be3 Re8 14. Bf3 d5
15. cxd5 cxd5 16. O-O dxe4 17. Be2 Ng4 18. Bxg4 Bxg4 19. Bf4 Rad8 20. Rfe1 Qc5
21. Rbc1 Bf5 22. Qb3 Qa5 23. Qc4 c5 24. Nxe4 Bxb2 25. Rb1 Bd4 26. Bd2 Qa8 27.
Nxc5 Bxc5 28. Rxe8+ Rxe8 29. Rc1 Be7 30. Bc3 Qe4 31. Qa6 {necitko} 0-1

[Event "Prva liga Centralne Srbije"]
[Site "Golubac"]
[Date "2008.09.21"]
[Round "2.4"]
[White "Georgiev, Krum"]
[Black "Savicevic, Vlatko"]
[Result "1-0"]
[WhiteElo "2446"]
[BlackElo "2334"]
[PlyCount "65"]
[EventDate "2008.09.20"]

1. e4 d6 2. d4 Nf6 3. Nc3 g6 4. f3 c6 5. Be3 Bg7 6. Qd2 b5 7. h4 Nbd7 8. g4 Bb7
9. h5 Rg8 10. Nh3 Qc7 11. O-O-O O-O-O 12. Ng5 Rgf8 13. h6 Bh8 14. Kb1 Kb8 15.
Ne2 e5 16. Bf2 Nb6 17. Qe1 Rfe8 18. Bg3 Nc4 19. dxe5 dxe5 20. Nc1 Rxd1 21. Qxd1
Rd8 22. Nd3 Ng8 23. Qc1 Qe7 24. b3 Nb6 25. Nxe5 Bxe5 26. Bxe5+ Qxe5 27. Nxf7
Qf6 28. Nxd8 Qxd8 29. Qf4+ Ka8 30. Be2 Qe7 31. g5 Nd7 32. Rd1 Nc5 33. Qd2 1-0

[Event "Prva liga Centralne Srbije"]
[Site "Golubac"]
[Date "2008.09.21"]
[Round "2.4"]
[White "Simic, Dragisa"]
[Black "Misailovic, Nebojsa"]
[Result "1-0"]
[WhiteElo "2334"]
[BlackElo "2297"]
[PlyCount "83"]
[EventDate "2008.09.20"]

1. e4 c5 2. Nf3 d6 3. d4 cxd4 4. Nxd4 Nf6 5. Nc3 a6 6. Bc4 e6 7. Bb3 Nbd7 8.
Bg5 Nc5 9. Qf3 Be7 10. O-O-O Nxb3+ 11. Nxb3 Qc7 12. Qg3 b5 13. Bxf6 gxf6 14.
Qg7 Rf8 15. Qxh7 b4 16. Ne2 Bb7 17. Ng3 O-O-O 18. Kb1 Kb8 19. Qh6 Rc8 20. Rd2
d5 21. exd5 Bxd5 22. f3 f5 23. Rxd5 exd5 24. Nd4 Bc5 25. Ngxf5 Kb7 26. Nb3 Rfd8
27. Qd2 Bb6 28. h4 a5 29. g4 d4 30. Qd3 a4 31. Nd2 a3 32. Ne4 axb2 33. Rd1 Qe5
34. Qb3 d3 35. cxd3 Rc1+ 36. Rxc1 bxc1=Q+ 37. Kxc1 Qf4+ 38. Kb1 Qxf3 39. Nfd6+
Kb8 40. Qxb4 Qxd3+ 41. Kb2 Rd7 42. Nb5 1-0

[Event "Prva liga Centralne Srbije"]
[Site "Golubac"]
[Date "2008.09.21"]
[Round "2.4"]
[White "Milenkovic, Mladen"]
[Black "Adzic, Momcilo"]
[Result "0-1"]
[WhiteElo "2343"]
[BlackElo "2244"]
[PlyCount "92"]
[EventDate "2008.09.20"]

1. e4 c5 2. Nf3 Nc6 3. d4 cxd4 4. Nxd4 Nf6 5. Nc3 d6 6. Bc4 e6 7. Bb3 Be7 8.
Be3 O-O 9. Qe2 a6 10. O-O-O Qc7 11. f3 b5 12. g4 Na5 13. Kb1 Bd7 14. g5 Nh5 15.
f4 g6 16. f5 Nc4 17. f6 Bd8 18. Bc1 Qc5 19. Ka1 Bb6 20. Bxc4 bxc4 21. Qf3 Rfd8
22. Nde2 Bc6 23. Nf4 Nxf4 24. Bxf4 d5 25. e5 Qf2 26. Qxf2 Bxf2 27. Rhf1 Bc5 28.
Nb1 d4 29. c3 Be4 30. Nd2 Bd3 31. Rfe1 dxc3 32. bxc3 Rab8 33. Ne4 Ba3 34. Rd2
Rd5 35. Nd6 a5 36. h4 a4 37. Rh1 Bc5 38. Rb2 Rxb2 39. Kxb2 a3+ 40. Kc1 Bf2 41.
Rh2 Be1 42. Bd2 Bg3 43. Rh3 Bxe5 44. Nc8 Rb5 45. Ne7+ Kf8 46. Be1 Bf4+ 0-1

[Event "Prva liga Centralne Srbije"]
[Site "Golubac"]
[Date "2008.09.21"]
[Round "2.4"]
[White "Stankovic, Milos"]
[Black "Markovic, Dejan M"]
[Result "1/2-1/2"]
[WhiteElo "2155"]
[BlackElo "2339"]
[PlyCount "89"]
[EventDate "2008.09.20"]

1. e4 c6 2. d4 d5 3. Nd2 dxe4 4. Nxe4 Bf5 5. Ng3 Bg6 6. h4 h6 7. N1e2 Nf6 8.
Nf4 Bh7 9. Bc4 e6 10. O-O Bd6 11. Re1 O-O 12. c3 Re8 13. a4 Nbd7 14. h5 Nd5 15.
Qf3 N7f6 16. Bd2 Qc7 17. Nd3 Bxd3 18. Bxd3 Bf4 19. Rad1 Bxd2 20. Rxd2 Qf4 21.
Qxf4 Nxf4 22. Re5 Nxd3 23. Rxd3 Red8 24. b4 a5 25. b5 Nd7 26. Re1 Nc5 27. Rde3
Nxa4 28. bxc6 bxc6 29. Ne4 Nb2 30. R3e2 Rdb8 31. Rb1 Nc4 32. Rxb8+ Rxb8 33. Ra2
Ra8 34. Nc5 Nb6 35. Kf1 Nd5 36. Na4 Rb8 37. g3 Nf6 38. Ke2 Nxh5 39. Kd3 Nf6 40.
Nc5 Ra8 41. Ra4 Kf8 42. Nb7 Ke7 43. Rxa5 Rxa5 44. Nxa5 Kd7 45. Nc4 1/2-1/2

[Event "Prva liga Centralne Srbije"]
[Site "Golubac"]
[Date "2008.09.21"]
[Round "2.5"]
[White "Kojovic, Dragan"]
[Black "Markovic, Zoran S"]
[Result "1/2-1/2"]
[WhiteElo "2414"]
[BlackElo "2384"]
[PlyCount "37"]
[EventDate "2008.09.20"]

1. e4 c5 2. Nc3 Nc6 3. f4 g6 4. Nf3 Bg7 5. Bb5 Nd4 6. Bd3 d6 7. Nxd4 cxd4 8.
Ne2 Nh6 9. O-O O-O 10. Qe1 d5 11. e5 f6 12. exf6 Bxf6 13. b3 Bf5 14. Bb2 Bxd3
15. cxd3 Qb6 16. Qf2 e5 17. fxe5 Bxe5 18. Qh4 Nf5 19. Qh3 1/2-1/2

[Event "Prva liga Centralne Srbije"]
[Site "Golubac"]
[Date "2008.09.21"]
[Round "2.5"]
[White "Colovic, Dusan"]
[Black "Panic, Nenad"]
[Result "0-1"]
[WhiteElo "2376"]
[BlackElo "2360"]
[PlyCount "92"]
[EventDate "2008.09.20"]

1. d4 Nf6 2. Bf4 c5 3. c3 e6 4. e3 b6 5. Nd2 Bb7 6. Ngf3 Be7 7. h3 O-O 8. Bd3
cxd4 9. exd4 d6 10. O-O Nbd7 11. Nc4 Qc7 12. Re1 Rfe8 13. Nfd2 b5 14. Ne3 Bc6
15. Bg5 Qb7 16. Bf1 Bf8 17. Qb3 Rab8 18. Rad1 a5 19. Qc2 Rec8 20. Ng4 Nxg4 21.
hxg4 Bd5 22. Qb1 Qc6 23. Re3 g6 24. Ne4 Bxe4 25. Rxe4 b4 26. c4 d5 27. cxd5
Qxd5 28. Bf4 Bd6 29. Be5 b3 30. axb3 Rxb3 31. Re2 a4 32. Bxd6 Qxd6 33. Rc2 Rxc2
34. Qxc2 Rb4 35. Qc3 Nf6 36. g5 Nd5 37. Qc8+ Kg7 38. Qc2 Qb6 39. Qe4 Qb8 40.
Qh4 Rxb2 41. Rc1 a3 42. Bc4 Rb1 43. Rxb1 Qxb1+ 44. Kh2 a2 45. Bxa2 Qxa2 46. Qg3
Qe2 0-1

[Event "Prva liga Centralne Srbije"]
[Site "Golubac"]
[Date "2008.09.21"]
[Round "2.5"]
[White "Organdziev, Oliver"]
[Black "Rabrenovic, Vladan"]
[Result "1-0"]
[WhiteElo "2274"]
[BlackElo "2357"]
[PlyCount "111"]
[EventDate "2008.09.20"]

1. c4 Nf6 2. Nc3 g6 3. g3 d5 4. cxd5 Nxd5 5. Qa4+ Bd7 6. Qb3 Bc6 7. Bg2 Nxc3 8.
Bxc6+ Nxc6 9. bxc3 Rb8 10. Nf3 Bg7 11. Rb1 O-O 12. Ba3 Qd7 13. O-O Rfe8 14. d3
h6 15. Rfd1 e5 16. e4 b6 17. Qd5 Qxd5 18. exd5 Na5 19. Bb4 Nb7 20. Nd2 f5 21.
c4 Bf8 22. Bxf8 Kxf8 23. Nf3 Nd6 24. Rbc1 Nf7 25. h4 Rbd8 26. a4 a5 27. Kg2 Kg7
28. Rc3 Kf6 29. Rb1 g5 30. hxg5+ hxg5 31. g4 e4 32. Nd4 Ne5 33. dxe4 fxe4 34.
Ne6 Rd7 35. Re1 Nxg4 36. Rxe4 Kf5 37. Re1 Nf6 38. Rf3+ Kg6 39. Re5 Nh7 40. Nf4+
gxf4 41. Rxe8 Kf5 42. Rh3 Rg7+ 43. Kf1 Kg4 44. Rc3 Ng5 45. Ke2 f3+ 46. Ke3 Rh7
47. Rc1 Rh2 48. Rg1+ Rg2 49. Rh1 Kf5 50. Re7 Rg4 51. Rxc7 Re4+ 52. Kd3 Re2 53.
d6 Ne4 54. Rf7+ Ke5 55. Rxf3 Ra2 56. Rh5+ 1-0

[Event "Prva liga Centralne Srbije"]
[Site "Golubac"]
[Date "2008.09.21"]
[Round "2.5"]
[White "Irizanin, Radoje"]
[Black "Stojanovic, Andjelija"]
[Result "1-0"]
[WhiteElo "2339"]
[BlackElo "2359"]
[PlyCount "85"]
[EventDate "2008.09.20"]

1. e4 d6 2. d4 Nf6 3. Nc3 e5 4. Nf3 exd4 5. Nxd4 Be7 6. Qf3 O-O 7. Nf5 Bxf5 8.
Qxf5 Nc6 9. Be3 Qc8 10. Qxc8 Raxc8 11. Be2 Rfe8 12. O-O-O a6 13. g4 Bf8 14. f3
b5 15. g5 Nd7 16. h4 f5 17. gxf6 Nxf6 18. a4 b4 19. Nd5 Nxd5 20. Rxd5 Nb8 21.
Bc4 Kh8 22. Rf5 c6 23. Rg1 d5 24. Bd3 dxe4 25. fxe4 c5 26. b3 a5 27. Rf7 Nc6
28. Ba6 Ne5 29. Rxf8+ Rxf8 30. Bxc8 Rxc8 31. Rg5 Nd7 32. Rd5 Nf6 33. Rxc5 Re8
34. e5 Nd7 35. Rxa5 Nxe5 36. Rb5 Nc6 37. Bd2 h6 38. Bxb4 Re4 39. Bc3 Rxh4 40.
Rb6 Ne7 41. a5 Nd5 42. Rb8+ Kh7 43. a6 1-0

[Event "Prva liga Centralne Srbije"]
[Site "Golubac"]
[Date "2008.09.21"]
[Round "2.5"]
[White "Zivkovic, Momcilo"]
[Black "Mirkovic, Stevan"]
[Result "1-0"]
[WhiteElo "2147"]
[BlackElo "2211"]
[PlyCount "65"]
[EventDate "2008.09.20"]

1. e4 c6 2. d4 d5 3. e5 Bf5 4. Bd3 Bxd3 5. Qxd3 e6 6. Ne2 Nd7 7. Nd2 c5 8. c3
cxd4 9. cxd4 h5 10. O-O Nh6 11. Nf3 Be7 12. Bxh6 Rxh6 13. Rfc1 Kf8 14. Rc3 g5
15. Rac1 g4 16. Nd2 Kg7 17. f4 gxf3 18. Nxf3 Nb6 19. b3 a6 20. a4 Bb4 21. Rc7
Rb8 22. Qe3 Nd7 23. h4 Ba5 24. R7c2 Nf8 25. Ng5 Qe8 26. Rf1 Bd8 27. Nxf7 Rg6
28. Nd6 Qe7 29. Rf7+ Qxf7 30. Nxf7 Kxf7 31. Qf3+ Kg7 32. Nf4 Bxh4 33. Rc7+ 1-0

[Event "Prva liga Centralne Srbije"]
[Site "Golubac"]
[Date "2008.09.21"]
[Round "2.6"]
[White "Manic, Jovica"]
[Black "Mitrovic, Petar"]
[Result "1/2-1/2"]
[WhiteElo "2263"]
[BlackElo "2366"]
[PlyCount "36"]
[EventDate "2008.09.20"]

1. Nf3 Nf6 2. c4 c5 3. e3 g6 4. d4 Bg7 5. b3 O-O 6. Bb2 d5 7. dxc5 Qa5+ 8. Nbd2
Qxc5 9. Rc1 Nc6 10. cxd5 Qxd5 11. Bc4 Qa5 12. Bc3 Qb6 13. O-O Bf5 14. Nd4 Nxd4
15. Bxd4 Qa5 16. Qe2 Rfd8 17. Bc3 Qb6 18. h3 Ne4 1/2-1/2